000 00747nas a2200241 4500
001 BR0905048
003 BR-BrBNA
005 20231205113305.0
007 ta
008 230509b bl.|||p| |||| 00| 00por d
040 _aBR-BrBNA
_bpor
_cBiblioteca Nacional de Agricultura
041 _a(Pt)
072 _aE12
100 1 _aNicolella, A.C.
100 1 _aKassoul, A.L.
100 1 _aBarros, A.L.M. de
245 1 _aO impacto do trabalho infantil no setor agrícola sobre a saúde.
650 _aTRABALHO INFANTIL
650 _aSETOR AGRÍCOLA
773 0 _tRevista de Economia Sociologia Rural (Brazil)
_xISSN 0103-2003
_g(Jul-Sep 2008), v. 46(3) p. 673-701
_wBR0905048
909 _a202311
_bLúcia
_c55
_dLúcia Elande
942 _2AGRIS
_n0
_cANA
999 _c202932
_d202932